[Event "Spandau Christmas op 6th"]
[Site "Spandau"]
[Date "2023.12.28"]
[Round "3"]
[White "Tschernatsch, Johannes"]
[Black "Boettcher, Patrick"]
[Result "1-0"]
[WhiteElo "2335"]
[BlackElo "2051"]
[PlyCount "52"]
[EventDate "2023.12.27"]
[EventType "swiss"]
[EventRounds "7"]
[EventCountry "GER"]
[SourceTitle "CB01_2024"]
[SourceDate "2024.01.03"]
[SourceVersion "1"]
[SourceVersionDate "2024.01.03"]
[SourceQuality "1"]

1. e4 c6 2. d4 d5 3. e5 Bf5 4. Nd2 e6 5. Nb3 Nd7 6. Nf3 c5 7. dxc5 Ne7 8. Bb5 Nc6 9. 0-0 Bg4 10. h3 Bxf3 11. Qxf3 Nxc5 12. Qg3 Ne4 13. Qe3 Be7 14. Rd1 Qb6 15. Qxb6 axb6 16. Be3 Nc5 17. c4 dxc4 18. Nxc5 bxc5 19. a4 Rc8 20. a5 Rc7 21. a6 0-0 22. axb7 Nxe5 23. Ra7 Rb8 24. Bf4 Rcxb7 25. Bxe5 Rxa7 26. Bxb8 Rb7 1-0

[Event "Berlin Radtke Memorial op"]
[Site "Berlin"]
[Date "2023.10.26"]
[Round "5"]
[White "Tschernatsch, Johannes"]
[Black "Tulchynskyi, Feliks"]
[Result "0-1"]
[WhiteElo "2346"]
[BlackElo "2228"]
[PlyCount "114"]
[EventDate "2023.10.23"]
[EventType "swiss"]
[EventRounds "9"]
[EventCountry "GER"]
[SourceTitle "Mega2024 Update 01"]
[Source "Chessbase"]
[SourceDate "2023.11.12"]
[SourceVersion "1"]
[SourceVersionDate "2023.11.12"]
[SourceQuality "1"]

1. e4 c5 2. Nf3 e6 3. g3 Nc6 4. Bg2 Nf6 5. Qe2 e5 6. 0-0 Be7 7. c3 0-0 8. Na3 Re8 9. d3 h6 10. Nc4 Bf8 11. a4 d6 12. Re1 Be6 13. Bd2 Qd7 14. Qf1 Rad8 15. b4 Qc7 16. b5 Nb8 17. Ne3 c4 18. Nxc4 Bxc4 19. dxc4 Nbd7 20. Be3 Ng4 21. Bh3 Nxe3 22. Rxe3 Nc5 23. Qd1 Be7 24. a5 g6 25. Re2 Bg5 26. Ne1 Rf8 27. Nd3 Nxd3 28. Qxd3 Kg7 29. Kh1 h5 30. Qd5 Bf6 31. Rb2 Qe7 32. Rd1 h4 33. Kg2 Rh8 34. a6 b6 35. Bg4 Bg5 36. Rd3 Rhf8 37. Bh3 Kh8 38. Rb1 f5 39. Rbd1 Rf6 40. Rf3 Rdf8 41. Qb7 Qd8 42. exf5 gxf5 43. Rfd3 f4 44. gxh4 f3+ 45. Kh1 Bxh4 46. Qc6 Bxf2 47. Rxd6 Rxd6 48. Rxd6 Qg5 49. Rd1 e4 50. Qxe4 Rg8 51. Bg4 Qxg4 52. Qxg4 Rxg4 53. h3 Rg3 54. Kh2 Rg2+ 55. Kh1 Bc5 56. Rd3 Rg1+ 57. Kh2 f2 0-1

[Event "Berlin Radtke Memorial op"]
[Site "Berlin"]
[Date "2023.10.24"]
[Round "2"]
[White "Tschernatsch, Johannes"]
[Black "Lacan Rus, David"]
[Result "1-0"]
[WhiteElo "2346"]
[BlackElo "1998"]
[PlyCount "79"]
[EventDate "2023.10.23"]
[EventType "swiss"]
[EventRounds "9"]
[EventCountry "GER"]
[SourceTitle "Mega2024 Update 01"]
[Source "Chessbase"]
[SourceDate "2023.11.12"]
[SourceVersion "1"]
[SourceVersionDate "2023.11.12"]
[SourceQuality "1"]

1. e4 c5 2. Nf3 g6 3. c3 d5 4. exd5 Qxd5 5. d4 Bg7 6. Be3 Nf6 7. dxc5 Qxd1+ 8. Kxd1 Ng4 9. Nbd2 Nxe3+ 10. fxe3 0-0 11. Kc2 a5 12. a4 Bf5+ 13. e4 Bg4 14. Bb5 Bxf3 15. gxf3 Rc8 16. Nb3 e6 17. Rad1 Bf8 18. Rd2 Kg7 19. Rhd1 Be7 20. f4 Ra7 21. f5 exf5 22. exf5 Rc7 23. Rd5 Ra8 24. Rd6 Ra7 25. Re1 Bxd6 26. cxd6 Rc8 27. d7 Rd8 28. Re8 Rxd7 29. Rxb8 Rd5 30. Nd4 b6 31. Rxb6 gxf5 32. Bd3 Rad7 33. Nxf5+ Kf8 34. Rb8+ Rd8 35. Rxd8+ Rxd8 36. b4 Rd5 37. bxa5 Rxa5 38. Bb5 Ra8 39. Kb3 Rd8 40. a5 1-0

[Event "GER-ch 94th"]
[Site "Ostfildern"]
[Date "2023.08.15"]
[Round "2"]
[White "Krassowizkij, Jaroslaw"]
[Black "Tschernatsch, Johannes"]
[Result "0-1"]
[WhiteElo "2445"]
[BlackElo "2319"]
[PlyCount "80"]
[EventDate "2023.08.14"]
[EventType "swiss"]
[EventRounds "9"]
[EventCountry "GER"]
[SourceTitle "CBM 215 Extra"]
[Source "ChessBase"]
[SourceDate "2023.09.30"]
[SourceVersion "1"]
[SourceVersionDate "2023.09.30"]
[SourceQuality "1"]

1. e4 c5 2. Nf3 d6 3. Bb5+ Bd7 4. Bxd7+ Qxd7 5. c4 Nf6 6. Nc3 g6 7. d4 cxd4 8. Nxd4 Bg7 9. f3 Nc6 10. Be3 0-0 11. 0-0 a6 12. Qd3 Rfc8 13. b3 b5 14. cxb5 Ne5 15. Qd2 d5 16. Na4 Qb7 17. bxa6 Qxa6 18. exd5 Nxd5 19. Bf2 Nd3 20. Rad1 N5f4 21. Be3 e5 22. Nc2 Rd8 23. g3 Nh3+ 24. Kg2 Ndf4+ 25. gxf4 Rxd2+ 26. Bxd2 Nxf4+ 27. Bxf4 exf4 28. Rf2 Qa5 29. Rfd2 h5 30. Rd5 Qc7 31. Ne1 Bf6 32. R1d2 Ra5 33. Rxa5 Qxa5 34. Re2 Bd4 35. Kf1 Qg5 36. Rg2 Qb5+ 37. Re2 g5 38. Nc2 Bf6 39. Kf2 g4 40. Na3 Bh4+ 0-1

[Event "Bamberg op-A 5th"]
[Site "Bamberg"]
[Date "2023.07.30"]
[Round "7"]
[White "Tschernatsch, Johannes"]
[Black "Pribyl, Josef"]
[Result "1-0"]
[WhiteElo "2303"]
[BlackElo "2230"]
[PlyCount "87"]
[EventDate "2023.07.26"]
[EventType "swiss"]
[EventRounds "7"]
[EventCountry "GER"]
[SourceTitle "EXT 2024"]
[Source "ChessBase"]
[SourceDate "2023.10.10"]
[SourceVersion "1"]
[SourceVersionDate "2023.10.10"]
[SourceQuality "1"]

1. e4 d6 2. d4 Nf6 3. Nc3 e5 4. Nf3 Nbd7 5. Bc4 Be7 6. 0-0 0-0 7. h3 c6 8. a4 b6 9. Bg5 Bb7 10. Bxf6 Bxf6 11. d5 c5 12. a5 a6 13. axb6 Nxb6 14. Be2 g6 15. Nd2 Bg5 16. Na4 Nxa4 17. Rxa4 f5 18. Nb3 fxe4 19. Rxe4 Rf4 20. Rxf4 Bxf4 21. g3 Bh6 22. Bg4 a5 23. Be6+ Kh8 24. Nd2 Ba6 25. Re1 Rb8 26. b3 Qb6 27. Ne4 c4 28. bxc4 Bxc4 29. Qg4 Rf8 30. Qh4 Bg7 31. Qe7 Qb4 32. c3 Qb2 33. Qa7 Bd3 34. Nxd6 Qxc3 35. Nf7+ Kg8 36. Nxe5+ Kh8 37. Nf7+ Kg8 38. Re3 Qa1+ 39. Kh2 Bf5 40. Rf3 Qb1 41. Ng5+ Kh8 42. Bxf5 Rxf5 43. Ne6 Bf8 44. Nxf8 1-0

[Event "Bamberg op-A 5th"]
[Site "Bamberg"]
[Date "2023.07.29"]
[Round "6"]
[White "Chandler, Patrick"]
[Black "Tschernatsch, Johannes"]
[Result "0-1"]
[WhiteElo "2110"]
[BlackElo "2303"]
[PlyCount "56"]
[EventDate "2023.07.26"]
[EventType "swiss"]
[EventRounds "7"]
[EventCountry "GER"]
[SourceTitle "CBM 215 Extra"]
[Source "ChessBase"]
[SourceDate "2023.09.30"]
[SourceVersion "1"]
[SourceVersionDate "2023.09.30"]
[SourceQuality "1"]

1. b4 e5 2. Bb2 Bxb4 3. Bxe5 Nf6 4. Nf3 0-0 5. e3 d5 6. a3 Ba5 7. Be2 c5 8. Bc3 Nc6 9. Bxa5 Qxa5 10. 0-0 d4 11. d3 dxe3 12. fxe3 Ng4 13. Qc1 Re8 14. e4 c4 15. h3 Qc5+ 16. Kh1 cxd3 17. cxd3 Nf2+ 18. Kh2 Nxd3 19. Bxd3 Qd6+ 20. Kh1 Qxd3 21. Nc3 Be6 22. Ng5 Bc4 23. Rf3 Qd6 24. e5 Qxe5 25. Nce4 Bd5 26. Rf4 Nd4 27. Nf6+ gxf6 28. Nxh7 Nf5 0-1

[Event "GER-ch Rapid 48th"]
[Site "Goettingen"]
[Date "2022.09.24"]
[Round "4"]
[White "Langheinrich, Ferenc"]
[Black "Tschernatsch, Johannes"]
[Result "0-1"]
[WhiteElo "2366"]
[BlackElo "2294"]
[PlyCount "118"]
[EventDate "2022.09.24"]
[EventType "swiss (rapid)"]
[EventRounds "9"]
[EventCountry "GER"]
[SourceTitle "CBM 210 Extra"]
[Source "ChessBase"]
[SourceDate "2022.11.30"]
[SourceVersion "1"]
[SourceVersionDate "2022.11.30"]
[SourceQuality "1"]

1. e4 c5 2. Nf3 Nc6 3. Nc3 e5 4. Bc4 Be7 5. d3 d6 6. 0-0 Nf6 7. Ng5 0-0 8. f4 Bg4 9. Nf3 Nd4 10. fxe5 dxe5 11. Nd5 Nxd5 12. Bxd5 Qb6 13. Kh1 Rad8 14. c3 Bxf3 15. gxf3 Ne6 16. f4 Nxf4 17. Bxf4 exf4 18. Rxf4 Qh6 19. Qg4 Bd6 20. Rf2 Kh8 21. Qg2 Bf4 22. Raf1 g5 23. Rf3 Rd6 24. Bxb7 Qg7 25. Bd5 f5 26. exf5 Rxf5 27. Be4 Rff6 28. Rh3 Rh6 29. Rff3 g4 30. Rxh6 Qxh6 31. Rf2 Bxh2 32. Qxh2 g3 33. Qxh6 Rxh6+ 34. Kg2 gxf2 35. Kxf2 Rh2+ 36. Bg2 Kg7 37. Kg3 Rh6 38. a3 a5 39. b3 Rb6 40. Bd5 Rd6 41. Bc4 Kf6 42. Kf4 h5 43. Bb5 Rb6 44. Bc4 Rd6 45. Bb5 Rd8 46. Bc4 Rb8 47. Bd5 Rb6 48. Bc4 Rc6 49. Bd5 Rc7 50. Bc4 Rg7 51. d4 cxd4 52. cxd4 Rg4+ 53. Ke3 h4 54. Bd5 h3 55. b4 Rg3+ 56. Kf4 Rxa3 57. bxa5 Rxa5 58. Bf3 h2 59. Bg2 Ra1 0-1

[Event "GER-ch 93rd"]
[Site "Magdeburg"]
[Date "2022.08.19"]
[Round "8"]
[White "Farokhi, Keyvan"]
[Black "Tschernatsch, Johannes"]
[Result "1-0"]
[WhiteElo "2313"]
[BlackElo "2314"]
[PlyCount "109"]
[EventDate "2022.08.14"]
[EventType "swiss"]
[EventRounds "9"]
[EventCountry "GER"]
[SourceTitle "CBM 209 Extra"]
[Source "ChessBase"]
[SourceDate "2022.09.30"]
[SourceVersion "1"]
[SourceVersionDate "2022.09.30"]
[SourceQuality "1"]

1. e4 c5 2. Nf3 Nc6 3. d4 cxd4 4. Nxd4 Nf6 5. Nc3 e5 6. Ndb5 d6 7. Bg5 a6 8. Na3 b5 9. Bxf6 gxf6 10. Nd5 Bg7 11. Bd3 Ne7 12. Nxe7 Qxe7 13. 0-0 0-0 14. c4 f5 15. Qf3 d5 16. cxd5 fxe4 17. Bxe4 Rb8 18. Rad1 Qg5 19. d6 Bg4 20. Qg3 h6 21. f3 Bd7 22. Qxg5 hxg5 23. g4 Rfd8 24. Rd2 Bf8 25. Rfd1 Be6 26. Nc2 Rb6 27. d7 Bxa2 28. Bd5 b4 29. Bxa2 b3 30. Bxb3 Rxb3 31. Kg2 f6 32. Na3 Bxa3 33. bxa3 Rxa3 34. Rc1 Kf7 35. Rc8 Ke7 36. Rxd8 Kxd8 37. Rd6 a5 38. Rxf6 Kxd7 39. Rf5 Kd6 40. Rxg5 a4 41. h4 Rb3 42. h5 a3 43. Rg6+ Kc5 44. Ra6 Rb2+ 45. Kg3 Rb3 46. h6 e4 47. h7 Rxf3+ 48. Kg2 Rf8 49. g5 e3 50. Rxa3 Kd4 51. g6 e2 52. Ra1 Ke3 53. g7 Rf2+ 54. Kg1 e1N 55. Rxe1+ 1-0

[Event "GER-ch 93rd"]
[Site "Magdeburg"]
[Date "2022.08.16"]
[Round "4"]
[White "Tschernatsch, Johannes"]
[Black "Burian, Simon"]
[Result "1/2-1/2"]
[WhiteElo "2314"]
[BlackElo "2211"]
[PlyCount "123"]
[EventDate "2022.08.14"]
[EventType "swiss"]
[EventRounds "9"]
[EventCountry "GER"]
[SourceTitle "CBM 209 Extra"]
[Source "ChessBase"]
[SourceDate "2022.09.30"]
[SourceVersion "1"]
[SourceVersionDate "2022.09.30"]
[SourceQuality "1"]

1. e4 c5 2. Nf3 d6 3. Bb5+ Bd7 4. Bxd7+ Qxd7 5. c4 e5 6. Nc3 Nc6 7. d3 g6 8. a3 Bg7 9. b4 Nge7 10. Rb1 0-0 11. 0-0 Nd4 12. Bg5 f6 13. Be3 h6 14. bxc5 dxc5 15. Bxd4 cxd4 16. Na4 b6 17. Qb3 Qe6 18. c5 Qxb3 19. Rxb3 bxc5 20. Nd2 Rab8 21. Rfb1 Nc6 22. Nxc5 Rxb3 23. Rxb3 Rb8 24. Rxb8+ Nxb8 25. Ncb3 Bf8 26. Nc4 Kf7 27. Kf1 Ke6 28. Ke2 Na6 29. Kd2 h5 30. Kc2 g5 31. h3 Kd7 32. Nbd2 Nc5 33. Nf1 Ne6 34. g3 Kc6 35. h4 g4 36. Nh2 Nc5 37. f3 gxf3 38. Nxf3 Kb5 39. Nb2 Na4 40. Nh2 Nxb2 41. Kxb2 Ka4 42. g4 Bxa3+ 43. Kc2 hxg4 44. Nxg4 Be7 45. h5 Kb4 46. Nh6 a5 47. Ng8 Bf8 48. Nxf6 a4 49. Nd5+ Kb5 50. Nc7+ Kb4 51. Nd5+ Kb5 52. Kb2 Bg7 53. Ka2 Ka5 54. Ka3 Bf8+ 55. Kb2 Bg7 56. Kc2 Kb5 57. Ne7 Kb4 58. Nd5+ Kb5 59. Kb2 Ka5 60. Ne7 Kb4 61. Nc6+ Kb5 62. Ne7 1/2-1/2

[Event "GER-ch 93rd"]
[Site "Magdeburg"]
[Date "2022.08.15"]
[Round "2"]
[White "Yi, Danny"]
[Black "Tschernatsch, Johannes"]
[Result "1-0"]
[WhiteElo "2273"]
[BlackElo "2314"]
[PlyCount "71"]
[EventDate "2022.08.14"]
[EventType "swiss"]
[EventRounds "9"]
[EventCountry "GER"]
[SourceTitle "CBM 209 Extra"]
[Source "ChessBase"]
[SourceDate "2022.09.30"]
[SourceVersion "1"]
[SourceVersionDate "2022.09.30"]
[SourceQuality "1"]

1. e4 c5 2. Nf3 d6 3. d4 cxd4 4. Nxd4 Nf6 5. Nc3 a6 6. f4 e5 7. Nf3 Nbd7 8. a4 Qc7 9. Bd3 Be7 10. 0-0 0-0 11. Qe1 Re8 12. Kh1 Nc5 13. fxe5 dxe5 14. Qg3 Be6 15. Be3 Rad8 16. Rad1 Nxd3 17. cxd3 Ng4 18. Bg1 Rd7 19. h3 Nf6 20. Bh2 Bd6 21. Ng5 Qd8 22. Nxe6 Rxe6 23. Qf2 Bc7 24. Qf3 h6 25. Bg3 Ba5 26. Ne2 Qb6 27. d4 exd4 28. e5 Nh7 29. Nxd4 Ng5 30. Qg4 h5 31. Qxg5 Rxd4 32. Qxh5 Rg6 33. Rxd4 Qxd4 34. e6 Rh6 35. exf7+ Kf8 36. Qxa5 1-0

[Event "GER-ch 93rd"]
[Site "Magdeburg"]
[Date "2022.08.14"]
[Round "1"]
[White "Tschernatsch, Johannes"]
[Black "Pajeken, Jakob Leon"]
[Result "0-1"]
[WhiteElo "2314"]
[BlackElo "2457"]
[PlyCount "110"]
[EventDate "2022.08.14"]
[EventType "swiss"]
[EventRounds "9"]
[EventCountry "GER"]
[SourceTitle "CBM 209 Extra"]
[Source "ChessBase"]
[SourceDate "2022.09.30"]
[SourceVersion "1"]
[SourceVersionDate "2022.09.30"]
[SourceQuality "1"]

1. e4 c5 2. Nf3 d6 3. Bb5+ Nd7 4. a4 Ngf6 5. Nc3 a6 6. Be2 g6 7. a5 Bg7 8. 0-0 0-0 9. Re1 b5 10. axb6 Bb7 11. d3 Qxb6 12. Nd2 Ne5 13. Nf1 e6 14. Bf4 Nfd7 15. Na4 Qc6 16. Qd2 f5 17. Ng3 Nf7 18. Bf3 Nde5 19. Be2 d5 20. Qa5 Rac8 21. Bf1 Ng4 22. exd5 exd5 23. c3 d4 24. c4 Nfe5 25. Bxe5 Nxe5 26. Qb6 Nd7 27. Qxc6 Bxc6 28. Ne2 Bh6 29. f4 Rb8 30. Ra3 Rb4 31. Rea1 g5 32. g3 Re8 33. Kf2 Re3 34. Nxc5 Rxe2+ 35. Bxe2 Nxc5 36. Ra5 Bf8 37. R5a2 g4 38. Bf1 Rb3 39. Rd1 a5 40. Ke1 Bf3 41. Be2 Bxe2 42. Kxe2 a4 43. Rd2 Rb7 44. Kd1 Kf7 45. Re2 Nxd3 46. Rd2 Rb3 47. Rxa4 Nxb2+ 48. Kc2 Nxa4 49. Kxb3 Nc5+ 50. Kc2 d3+ 51. Kd1 Ne4 52. Rb2 Bc5 53. Rb7+ Ke6 54. Rxh7 Be3 55. Rh6+ Kd7 0-1

[Event "Berlin Teschner Memorial"]
[Site "Berlin"]
[Date "2022.05.27"]
[Round "3"]
[White "Tscheuschner, Georg"]
[Black "Tschernatsch, Johannes"]
[Result "1-0"]
[WhiteElo "2150"]
[BlackElo "2358"]
[PlyCount "57"]
[EventDate "2022.05.26"]
[EventType "swiss"]
[EventRounds "7"]
[EventCountry "GER"]
[SourceTitle "CBM 208 Extra"]
[Source "ChessBase"]
[SourceDate "2022.07.31"]
[SourceVersion "1"]
[SourceVersionDate "2022.07.31"]
[SourceQuality "1"]

1. Nf3 Nf6 2. c4 c6 3. Nc3 d5 4. e3 e6 5. b3 Bd6 6. Bb2 Nbd7 7. d4 0-0 8. Be2 dxc4 9. bxc4 e5 10. 0-0 exd4 11. exd4 Re8 12. Qc2 Nf8 13. h3 Ng6 14. Rfe1 Qa5 15. c5 Bf8 16. Bc4 Qb4 17. Rxe8 Nxe8 18. Bb3 Nh8 19. a3 Qa5 20. Ng5 g6 21. Nce4 Qd8 22. d5 h6 23. Nxf7 Nxf7 24. Nf6+ Nxf6 25. Qxg6+ Bg7 26. d6 Kh8 27. Bxf7 Bd7 28. Re1 Qa5 29. Bxf6 1-0

[Event "GER-ch Net blitz qual3"]
[Site "Playchess.com INT"]
[Date "2021.05.07"]
[Round "2"]
[White "Miller, Eduard"]
[Black "Tschernatsch, Johannes"]
[Result "1-0"]
[WhiteElo "2234"]
[BlackElo "1856"]
[PlyCount "117"]
[EventDate "2021.05.07"]
[EventType "swiss (blitz)"]
[EventRounds "11"]
[EventCountry "GER"]
[SourceTitle "CBM 202 Extra"]
[Source "ChessBase"]
[SourceDate "2021.07.31"]
[SourceVersion "1"]
[SourceVersionDate "2021.07.31"]
[SourceQuality "1"]

1. e4 c5 2. Nc3 Nc6 3. f4 g6 4. Nf3 Bg7 5. a4 d6 6. Be2 Nf6 7. 0-0 0-0 8. Qe1 Nd4 9. Bd1 Bg4 10. Nxd4 Bxd1 11. Ne6 fxe6 12. Nxd1 e5 13. fxe5 Ng4 14. Rxf8+ Qxf8 15. h3 Nxe5 16. d3 Qf7 17. Be3 Rf8 18. Nc3 Nc6 19. Qf2 Qe6 20. Qd2 Be5 21. Re1 Bg3 22. Rf1 Bh2+ 23. Kxh2 Rxf1 24. Nd5 Qe5+ 25. Bf4 Qxb2 26. Qe2 Qb1 27. Bd2 e6 28. Ne3 Rh1+ 29. Kg3 Qa1 30. Ng4 h5 31. Nf2 Qe5+ 32. Bf4 Nd4 33. Bxe5 Nxe2+ 34. Kf3 Ng1+ 35. Ke3 dxe5 36. Nxh1 g5 37. Kf2 Nxh3+ 38. gxh3 Kf7 39. Ng3 Kg6 40. Nf1 b6 41. Ne3 a6 42. Nc4 b5 43. axb5 axb5 44. Nxe5+ Kg7 45. Ke3 Kf6 46. Nd7+ Ke7 47. Nxc5 Kd6 48. d4 e5 49. c3 exd4+ 50. cxd4 b4 51. Nb3 Kc6 52. Nd2 Kb5 53. e5 Kc6 54. Ke4 g4 55. hxg4 hxg4 56. d5+ Kc5 57. e6 g3 58. Kf3 Kxd5 59. e7 1-0

[Event "GER-ch Net blitz qual3"]
[Site "Playchess.com INT"]
[Date "2021.05.07"]
[Round "7"]
[White "Tschernatsch, Johannes"]
[Black "Gallasch, Jonas"]
[Result "0-1"]
[WhiteElo "1856"]
[BlackElo "2012"]
[PlyCount "70"]
[EventDate "2021.05.07"]
[EventType "swiss (blitz)"]
[EventRounds "11"]
[EventCountry "GER"]
[SourceTitle "CBM 202 Extra"]
[Source "ChessBase"]
[SourceDate "2021.07.31"]
[SourceVersion "1"]
[SourceVersionDate "2021.07.31"]
[SourceQuality "1"]

1. e4 c6 2. d4 d5 3. e5 c5 4. dxc5 e6 5. a3 Nc6 6. Nf3 Bxc5 7. Bd3 Nge7 8. 0-0 Ng6 9. Qe2 0-0 10. c4 a6 11. cxd5 exd5 12. Nc3 Bg4 13. Bxg6 fxg6 14. Qd3 Bxf3 15. gxf3 Nxe5 16. Qxd5+ Qxd5 17. Nxd5 Nxf3+ 18. Kg2 Rad8 19. Nf4 Nd4 20. Be3 Nc2 21. Bxc5 Rxf4 22. Rad1 Rc8 23. Rd5 Rf5 24. Rfd1 Rxc5 25. Rd8+ Rf8 26. R8d7 Rg5+ 27. Kh1 Rgf5 28. Rxb7 Rxf2 29. Rdd7 Rf1+ 30. Kg2 Ne3+ 31. Kg3 R1f3+ 32. Kh4 R8f4+ 33. Kg5 Rf5+ 34. Kh4 g5+ 35. Kh5 Rh3# 0-1

[Event "GER-ch Net blitz qual3"]
[Site "Playchess.com INT"]
[Date "2021.05.07"]
[Round "1"]
[White "Tschernatsch, Johannes"]
[Black "Majcan, Tom"]
[Result "1-0"]
[WhiteElo "1856"]
[BlackElo "1495"]
[PlyCount "73"]
[EventDate "2021.05.07"]
[EventType "swiss (blitz)"]
[EventRounds "11"]
[EventCountry "GER"]
[SourceTitle "CBM 202 Extra"]
[Source "ChessBase"]
[SourceDate "2021.07.31"]
[SourceVersion "1"]
[SourceVersionDate "2021.07.31"]
[SourceQuality "1"]

1. e4 c5 2. Nf3 e6 3. d4 cxd4 4. Nxd4 a6 5. Bd3 d6 6. 0-0 h6 7. c4 Nd7 8. Nc3 g5 9. Be3 Ngf6 10. Rc1 Rg8 11. Re1 Ne5 12. f3 g4 13. f4 Nxd3 14. Qxd3 g3 15. h3 Nd7 16. Nf3 Nf6 17. Rcd1 Qc7 18. b4 b6 19. e5 Nd7 20. a3 Bb7 21. exd6 Qb8 22. Ne5 Qc8 23. Nxd7 Qxd7 24. Bxb6 Rc8 25. f5 Rc6 26. c5 Rg5 27. fxe6 fxe6 28. Ne4 Rf5 29. Qxg3 Rxb6 30. cxb6 Kd8 31. Nc5 Qc6 32. Qg8 Ke8 33. Rxe6+ Kd8 34. Nxb7+ Qxb7 35. Rde1 Rf7 36. Re8+ Kd7 37. Rxf8 1-0

[Event "GER-ch U18"]
[Site "Willingen"]
[Date "2020.10.22"]
[Round "4"]
[White "Tschernatsch, Johannes"]
[Black "Burian, Simon"]
[Result "0-1"]
[WhiteElo "2251"]
[BlackElo "2113"]
[PlyCount "76"]
[EventDate "2020.10.19"]
[EventType "swiss"]
[EventRounds "7"]
[EventCountry "GER"]
[SourceTitle "EXT 2022"]
[Source "ChessBase"]
[SourceDate "2021.10.06"]
[SourceVersion "1"]
[SourceVersionDate "2021.10.06"]
[SourceQuality "1"]

1. e4 c6 2. d4 d5 3. e5 c5 4. dxc5 e6 5. a3 Bxc5 6. Qg4 g6 7. Nf3 h5 8. Qf4 Nh6 9. Bd3 Nd7 10. 0-0 Qc7 11. c4 dxc4 12. Bxc4 Ng4 13. Nc3 0-0 14. Ne4 Be7 15. Be2 b6 16. Bd2 Ndxe5 17. Rfc1 Nxf3+ 18. Bxf3 Qxf4 19. Bxf4 Ba6 20. h3 f5 21. Nd2 Rad8 22. hxg4 g5 23. gxf5 gxf4 24. Rc7 Rxf5 25. Rxe7 Rxd2 26. Rxa7 Be2 27. Be4 Rf7 28. Rxf7 Kxf7 29. b4 Rd4 30. f3 b5 31. Kh2 Rd2 32. Kh3 Bc4 33. Bc6 Rd6 34. Be4 Rd2 35. g4 fxg3 36. Kxg3 Kf6 37. Bc6 e5 38. Be8 Bd5 0-1

[Event "GER-ch U18"]
[Site "Willingen"]
[Date "2020.10.21"]
[Round "3"]
[White "Gutkin, Ilya"]
[Black "Tschernatsch, Johannes"]
[Result "1/2-1/2"]
[WhiteElo "2203"]
[BlackElo "2251"]
[PlyCount "61"]
[EventDate "2020.10.19"]
[EventType "swiss"]
[EventRounds "7"]
[EventCountry "GER"]
[SourceTitle "EXT 2022"]
[Source "ChessBase"]
[SourceDate "2021.10.06"]
[SourceVersion "1"]
[SourceVersionDate "2021.10.06"]
[SourceQuality "1"]

1. Nf3 Nf6 2. g3 g6 3. b3 Bg7 4. Bb2 b6 5. Bg2 Bb7 6. 0-0 0-0 7. c4 c5 8. d4 cxd4 9. Qxd4 Nc6 10. Qf4 d6 11. Nc3 Ne5 12. Rad1 Nxf3+ 13. Bxf3 Bxf3 14. Qxf3 Qd7 15. Nd5 Nxd5 16. Bxg7 Kxg7 17. Rxd5 Qe6 18. Rfd1 Rac8 19. e4 Rc7 20. Qe3 Rfc8 21. e5 dxe5 22. Rxe5 Qf6 23. a4 e6 24. a5 Rc5 25. f4 Rxa5 26. Rxa5 bxa5 27. Qxa7 Qc3 28. Qd4+ Qxd4+ 29. Rxd4 Rb8 30. Rd3 Kf6 31. Kf2 1/2-1/2

[Event "GER-ch"]
[Site "Magdeburg"]
[Date "2020.08.20"]
[Round "6"]
[White "Tschernatsch, Johannes"]
[Black "Neurohr, Juergen"]
[Result "1-0"]
[WhiteElo "2241"]
[BlackElo "2022"]
[PlyCount "89"]
[EventDate "2020.08.16"]
[EventType "swiss"]
[EventRounds "9"]
[EventCountry "GER"]
[SourceTitle "CBM 197 Extra"]
[Source "ChessBase"]
[SourceDate "2020.09.30"]
[SourceVersion "1"]
[SourceVersionDate "2020.09.30"]
[SourceQuality "1"]

1. Nf3 Nf6 2. c4 g6 3. b3 Bg7 4. Bb2 0-0 5. g3 d6 6. d4 e5 7. dxe5 dxe5 8. Qxd8 Rxd8 9. Nxe5 Na6 10. Nd3 Bf5 11. Nc3 Re8 12. 0-0-0 Rad8 13. Bg2 c6 14. h3 Bh6+ 15. f4 Bxd3 16. exd3 Re3 17. Rhg1 Rdxd3 18. Rxd3 Rxd3 19. Ne2 Bg7 20. Rd1 Nc5 21. Bd4 Rxd1+ 22. Kxd1 Nfd7 23. Be3 f5 24. Kc2 a6 25. Nc3 Bf8 26. b4 Ne6 27. b5 axb5 28. cxb5 cxb5 29. Bxb7 b4 30. Nd5 Ndc5 31. Bc8 Kf7 32. g4 Bd6 33. gxf5 gxf5 34. Nxb4 Nxf4 35. Bxf5 h5 36. a3 Kf6 37. Bc8 Kg5 38. Nd5 Ncd3 39. a4 Kh4 40. Nxf4 Nxf4 41. Bf2+ Kg5 42. a5 Nd5 43. Kb3 Kf4 44. a6 Ne7 45. a7 1-0

[Event "GER-ch"]
[Site "Magdeburg"]
[Date "2020.08.18"]
[Round "4"]
[White "Tschernatsch, Johannes"]
[Black "Michalowski, Peter"]
[Result "1-0"]
[WhiteElo "2241"]
[BlackElo "2106"]
[PlyCount "65"]
[EventDate "2020.08.16"]
[EventType "swiss"]
[EventRounds "9"]
[EventCountry "GER"]
[SourceTitle "CBM 197 Extra"]
[Source "ChessBase"]
[SourceDate "2020.09.30"]
[SourceVersion "1"]
[SourceVersionDate "2020.09.30"]
[SourceQuality "1"]

1. e4 c5 2. Nf3 d6 3. d4 cxd4 4. Nxd4 Nf6 5. Nc3 a6 6. Be2 e5 7. Nb3 Be7 8. 0-0 0-0 9. Be3 Be6 10. Qd2 Nbd7 11. a4 b6 12. f3 Qc7 13. Rfd1 h6 14. Nc1 Nc5 15. N1a2 Rfd8 16. Nb4 Qb7 17. Nbd5 Nxd5 18. Nxd5 Bg5 19. Bxg5 hxg5 20. Qxg5 Bxd5 21. exd5 b5 22. axb5 axb5 23. h4 Rdc8 24. Rxa8 Rxa8 25. h5 Qb6 26. Kh2 f6 27. Qg6 b4 28. h6 Ra7 29. h7+ Kh8 30. Qe8+ Kxh7 31. Rh1 g5 32. Kg3+ Kg7 33. Qh8+ 1-0